| 000 | 01007nam a2200301 i 4500 | ||
|---|---|---|---|
| 001 | 192648 | ||
| 003 | SpMaBN | ||
| 005 | 20250804062652.0 | ||
| 008 | 230508s2017 sp 000 f spa | ||
| 017 |
_aM 5941-2017 _bOficina Depósito Legal Madrid |
||
| 020 | _a9788416893614 | ||
| 035 | _a(OCoLC)1026249112 | ||
| 040 |
_aSpMaBN _bspa _cES-MaACL _erda |
||
| 080 | _a821.134.2-31"19" | ||
| 100 | 1 |
_aVillazón, Ángel, _d1954- _9176424 _eaut |
|
| 245 | 1 | 4 |
_aLos enanos / _cÁngel Villazón Trabanco |
| 250 | _aPrimera edición: marzo de 2017 | ||
| 260 |
_aTres Cantos (Madrid) : _bPunto Didot, _c2017 |
||
| 300 |
_a85 páginas ; _c21 cm |
||
| 336 |
_aTexto (visual) _2isbdcontent |
||
| 337 |
_asin mediación _2isbdmedia |
||
| 655 | 0 |
_aNovelas _9234319 |
|
| 852 |
_aES-MaACL _bR.152464 _jN-8279 _cDEPOJ _hDonación: Ángel Villazón _9199944 |
||
| 903 |
_9176424 _aVillazón, Ángel, _d1954- _ednr |
||
| 942 |
_cMONOGRAFIA _n0 |
||
| 999 |
_c192648 _d192648 |
||